Nghiên cứu chiết tách Alginat từ rong mơ Đà Nẵng và một số ứng dụng

Tổng quan .Đối tượng và phương pháp nghiên cứu. Kết quả và thảo luận

Gespeichert in:
Bibliographische Detailangaben
1. Verfasser: Đỗ Trần Uyễn Nhi
Weitere Verfasser: Lê Tự Hải PGS.TS (Hướng dẫn)
Format: Buch
Sprache:Vietnamese
Veröffentlicht: Đà Nẵng Đại học Đà Nẵng 2010
Schlagworte:
Tags: Tag hinzufügen
Keine Tags, Fügen Sie den ersten Tag hinzu!
Thư viện lưu trữ: Mạng thư viện Đại học Đà Nẵng
LEADER 01367nam a2200349 4500
001 000010504
003 6709
005 20111214101245.0
008 111214s2010 viesd
041 |a vie 
072 |a Luận văn Thạc sĩ Khoa học 
082 |a 664.022  |b ĐO-N 
100 |a Đỗ Trần Uyễn Nhi 
245 |a Nghiên cứu chiết tách Alginat từ rong mơ Đà Nẵng và một số ứng dụng  |c Đỗ Trần Uyễn Nhi 
260 |a Đà Nẵng  |b Đại học Đà Nẵng  |c 2010 
300 |a 76tr.  |c 29 cm 
500 |a Luận văn Thạc sĩ Khoa học. Chuyên ngành: Hóa hữu cơ. Mã số: 60.44.27 
520 |a Tổng quan .Đối tượng và phương pháp nghiên cứu. Kết quả và thảo luận 
653 |a Hóa học 
653 |a Luận văn Thạc sĩ 
653 |a Rong mơ 
700 |a Lê Tự Hải  |c PGS.TS  |e Hướng dẫn 
OWN |a LSP 
AVA |a UDN50  |b LSP  |d 664.022 ĐO-N  |e available  |t Error 5001 Not defined in file expand_doc_bib_avail.  |f 1  |g 0  |h N  |i 0  |k 1 
999 |a From the UDN01 
AVA |a UDN50  |b LSP  |d 664.022 ĐO-N  |e available  |t Error 5001 Not defined in file expand_doc_bib_avail.  |f 1  |g 0  |h N  |i 0  |k 1 
TYP |a Monograph 
TYP |a Printed language 
980 |a Mạng thư viện Đại học Đà Nẵng